Kľúč k úspechu sa volá reštrukturalizácia slovenské poľnohospodárstvo v zrkadle 1.-3. štvrťroku 1998

Vývoj poľnohospodárstva za obdobie 1.-3. štvrťroku 1998: vývoj HDP, dopytu, modernizácie, priemerných a nominálnych miezd, produktivity práce, tržieb za predaj poľnohospodárskych výrobkov a ziskov. Disharmónia vývinu cenových hladín v poľnohospodárstve. Pozadie stratovosti mnohých poľnohospodárskych...

Descripción completa

Guardado en:
Detalles Bibliográficos
Autor principal: Mičulík, Milan
Otros Autores: Krnáč, Pavol
Formato: Capítulo de libro
Lenguaje:eslovaco
Materias:
Etiquetas: Agregar Etiqueta
Sin Etiquetas, Sea el primero en etiquetar este registro!

MARC

LEADER 00000naa a2200000 4500
001 r034217
005 20230824100332.4
041 0 |a slo 
044 |a SK 
245 1 0 |a Kľúč k úspechu sa volá reštrukturalizácia  |b slovenské poľnohospodárstvo v zrkadle 1.-3. štvrťroku 1998  |c Milan Mičulík, Pavol Krnáč 
520 |a Vývoj poľnohospodárstva za obdobie 1.-3. štvrťroku 1998: vývoj HDP, dopytu, modernizácie, priemerných a nominálnych miezd, produktivity práce, tržieb za predaj poľnohospodárskych výrobkov a ziskov. Disharmónia vývinu cenových hladín v poľnohospodárstve. Pozadie stratovosti mnohých poľnohospodárskych subjektov. Finančné problémy slovenského poľnohospodárstva. 
610 2 0 |a poľnohospodárstvo 
610 2 0 |a politika poľnohospodárska 
610 2 0 |a reštrukturalizácia 
610 2 0 |a produkt domáci hrubý 
610 2 0 |a modernizácia zariadenia výrobného 
610 2 0 |a mzdy priemerné 
610 2 0 |a mzdy nominálne 
610 2 0 |a tržby 
610 2 0 |a zisk 
610 2 0 |a hladina cenová 
610 2 0 |a ceny 
610 2 0 |a strata 
610 2 0 |a podnik poľnohospodársky 
610 2 0 |a rozpočet štátny 
610 2 0 |a dotácie 
610 2 0 |a Slovensko 
610 2 0 |a 1998 
100 1 |a Mičulík, Milan 
700 1 |a Krnáč, Pavol